| 000 | 00295nam a22001337a 4500 | ||
|---|---|---|---|
| 999 |
_c23236 _d23236 |
||
| 003 | NUST | ||
| 005 | 20170606103030.0 | ||
| 008 | 170529b xxu||||| |||| 00| 0 eng d | ||
| 020 | _a9780750678704 | ||
| 040 |
_aDLC _bDLC _cRCMS |
||
| 082 | _a621.4 DIX | ||
| 100 |
_aS. L. DIXON _91529 |
||
| 245 | _aFLUID MECHANICS THERMODYNAMICS OF TURBOMACHINERY | ||
| 250 | _a5th, ed. | ||
| 260 |
_aUSA _bELSEVIER _cc1978 |
||
| 300 |
_axxii,390,p: _bill: _c22,cm |
||
| 538 | _iShelf # 10, Row # 1, Mechanical & Aerospace. | ||
| 650 |
_aTurbomachanices --- Fluid dynamics _91530 |
||
| 856 | _3Table of Content Only | ||
| 942 |
_cBK _2ddc |
||